| 000 | 00670nam a22001937a 4500 | ||
|---|---|---|---|
| 005 | 20250108102040.0 | ||
| 010 | _aENG-143206 | ||
| 020 |
_c300.00 _a9789388805230 |
||
| 035 | _aEN-126738 | ||
| 037 | _bDBAD | ||
| 082 | _a305.26 | ||
| 100 |
_aNivethitha, K. _976060 |
||
| 245 |
_aNursing Interventions among the Elderly Females with Bladder Dysfunction/ _cBy K. Nivethitha |
||
| 250 | _a1 | ||
| 260 |
_bArchers & Elevators Publishing House _aBangalore _c2019 |
||
| 270 |
_a131 AGB Lay Out, 6"Cross, Hesaraghatta,Main Road _bBangalore _e560090 _k9164362263 _marcherselevators@gamail.com |
||
| 300 |
_a130p. _c24cm(pb) |
||
| 942 |
_2ddc _cEN _h305.26 _mNIV |
||
| 999 |
_c208174 _d208174 |
||